|
|
|
|
| LEADER |
00000cam a2200000 i 4500 |
| 005 |
20110711111911.0 |
| 008 |
060120s2005 sp 00| 0 spasd |
| 020 |
|
|
|a 8473511697
|
| 035 |
|
|
|a 5597
|
| 040 |
|
|
|a Lexnova
|d BUS
|d vLex
|
| 090 |
|
|
|c 2201
|d 2201
|
| 100 |
1 |
|
|a Prats Catal,̉ Joan.
|
| 245 |
1 |
0 |
|a De la burocracia al management, del management a la gobernanza :
|b las transformaciones de las administraciones pb︢licas de nuestro tiempo /
|c Joan Prats i Catal.̉
|h [Recurso electrn̤ico]
|
| 256 |
|
|
|a Servicio en ln̕ea.
|
| 260 |
|
|
|a Madrid :
|b Instituto Nacional de Administracin̤ Pb︢lica,
|c 2006.
|
| 300 |
|
|
|a 209 p. :
|b grf̀. ;
|c 24 cm.
|
| 490 |
1 |
|
|a Estudios goberna / Instituto Nacional de Administracin̤ Pb︢lica (Espaą)
|
| 506 |
1 |
|
|a Contenido solo disponible en los productos indicados
|d vLex Global
|d vLex Global (Academic Edition, excluding Law Schools)
|d vLex Global (U.S. Academic Edition, Law Schools)
|d vLex Global (U.S. Academic Edition, excluding Law Schools)
|d vLex Global (Academic Edition, Law Schools)
|
| 650 |
0 |
4 |
|a Administracin̤ pb︢lica.
|
| 650 |
0 |
4 |
|a Administracin̤ pb︢lica
|x Reforma.
|
| 710 |
2 |
|
|a Instituto Nacional de Administracin̤ Pb︢lica (Espaą)
|
| 740 |
0 |
|
|a vLex Libros (Servicio en ln̕ea)
|
| 810 |
2 |
|
|a Instituto Nacional de Administracin̤ Pb︢lica (Espaą).
|t Estudios goberna.
|
| 856 |
4 |
0 |
|u http://vlex.com/source/burocracia-management-gobernanza-5597
|z Acceso restringido
|
| 942 |
|
|
|c BOOK
|